<?xml version="1.0" encoding="UTF-8"?>
<marc:record xmlns:marc="http://www.loc.gov/MARC21/slim">
   <marc:leader>00000nam a2200000 a 4500</marc:leader>
   <marc:datafield ind1="1" ind2=" " tag="100">
      <marc:subfield code="a">Burkhardt, Julia</marc:subfield>
      <marc:subfield code="4">aut</marc:subfield>
      <marc:subfield code="e">Verfasser/-in</marc:subfield>
   </marc:datafield>
   <marc:datafield ind1="0" ind2="0" tag="245">
      <marc:subfield code="a">Ich, Helene Kottannerin</marc:subfield>
   </marc:datafield>
   <marc:datafield ind1="0" ind2="0" tag="245">
      <marc:subfield code="b">Die Kammerfrau, die Ungarns Krone stahl</marc:subfield>
   </marc:datafield>
   <marc:datafield ind1=" " ind2="1" tag="264">
      <marc:subfield code="b">wbg Theiss</marc:subfield>
      <marc:subfield code="c">2023</marc:subfield>
   </marc:datafield>
   <marc:datafield ind1="1" ind2=" " tag="520">
      <marc:subfield code="a">Der abenteuerliche »Kronenraub« aus erster Hand

Nach dem plötzlichen Tod des Habsburgers Albrecht II. im Jahr 1439 wird Helene Kottannerin, Kammerfrau Elisabeths von Luxemburg, von ihrer hochschwangeren Königin beauftragt, die ungarische Krone zu entwenden, um dem ungeborenen Kind des Königspaars die Thronfolge zu sichern.

In ihrem autobiografischen Bericht »Ich, Helene Kottannerin« erzählt Helene Kottannerin die packende Geschichte des »Raubs« der Heiligen Krone im Jahr 1440, die Geburt des kleinen Königssohns Ladislaus, die Krönung des zwölf Wochen alten Säuglings und die Flucht mit der Krone im Gepäck.

Die packende Geschichte des »Kronenraub« anschaulich und lebendig erzählt
Die ältesten Frauenmemoiren in deutscher Sprache
einmaliger Einblick in die Lebens- und Glaubenswelt einer Kammerfrau aus dem 15. Jahrhundert
Erstmals vollständig übertragen in heutiges Deutsch. (Verlagstext)</marc:subfield>
   </marc:datafield>
   <marc:datafield ind1=" " ind2=" " tag="020">
      <marc:subfield code="a">9783806245677</marc:subfield>
      <marc:subfield code="9">9783806245677</marc:subfield>
   </marc:datafield>
</marc:record>
